[Event "Russian Blitz Championship (m)"]
[Site "Sochi"]
[Date "2022.10.14"]
[Round "1.1"]
[White "Alexeev, Alexey"]
[Black "Artemiev, Vladislav"]
[Result "0-1"]
[BlackElo "2832"]
[WhiteElo "2147"]
[LiveChessVersion "1.4.8"]

1. e4 {[%clk 0:03:02]} c5 {[%clk 0:03:01]} 2. Nf3 {[%clk 0:02:57]} d6
{[%clk 0:03:01]} 3. Bb5+ {[%clk 0:02:56]} Nd7 {[%clk 0:03:00]} 4. d4
{[%clk 0:02:46]} cxd4 {[%clk 0:02:59]} 5. Qxd4 {[%clk 0:02:46]} a6
{[%clk 0:03:00]} 6. Bxd7+ {[%clk 0:02:46]} Bxd7 {[%clk 0:02:59]} 7. c4
{[%clk 0:02:46]} Nf6 {[%clk 0:02:59]} 8. Bg5 {[%clk 0:02:41]} e6 {[%clk 0:02:37]}
9. Nc3 {[%clk 0:02:42]} Be7 {[%clk 0:02:38]} 10. O-O {[%clk 0:02:40]} O-O
{[%clk 0:02:19]} 11. Rac1 {[%clk 0:02:24]} Bc6 {[%clk 0:02:16]} 12. Rfd1
{[%clk 0:01:57]} Qa5 {[%clk 0:02:02]} 13. Qd2 {[%clk 0:01:42]} Kh8
{[%clk 0:01:52]} 14. Qe2 {[%clk 0:01:37]} Rfd8 {[%clk 0:01:46]} 15. Bf4
{[%clk 0:01:27]} Qh5 {[%clk 0:01:37]} 16. h3 {[%clk 0:01:22]} h6 {[%clk 0:01:33]}
17. Rd3 {[%clk 0:01:13]} Qg6 {[%clk 0:00:56]} 18. e5 {[%clk 0:01:01]} dxe5
{[%clk 0:00:56]} 19. Rxd8+ {[%clk 0:00:53]} Rxd8 {[%clk 0:00:56]} 20. Bxe5
{[%clk 0:00:52]} Ne4 {[%clk 0:00:51]} 21. Rd1 {[%clk 0:00:35]} Rxd1+
{[%clk 0:00:36]} 22. Qxd1 {[%clk 0:00:36]} f6 {[%clk 0:00:37]} 23. Nxe4
{[%clk 0:00:29]} Qxe4 {[%clk 0:00:37]} 24. Bd6 {[%clk 0:00:22]} Bxd6
{[%clk 0:00:37]} 25. Qxd6 {[%clk 0:00:23]} Qxc4 {[%clk 0:00:31]} 26. Nd4
{[%clk 0:00:15]} Bd5 {[%clk 0:00:32]} 27. Qb6 {[%clk 0:00:09]} Qxa2
{[%clk 0:00:30]} 28. Kh2 {[%clk 0:00:05]} Qc4 {[%clk 0:00:28]} 0-1

[Event "Russian Blitz Championship (m)"]
[Site "Sochi"]
[Date "2022.10.14"]
[Round "1.2"]
[White "Tomashevsky, Evgeny"]
[Black "Malchenko, Alexey"]
[Result "1-0"]
[BlackElo "2141"]
[WhiteElo "2695"]
[LiveChessVersion "1.4.8"]

1. e4 {[%clk 0:03:01]} c5 {[%clk 0:03:03]} 2. Nf3 {[%clk 0:03:01]} e6
{[%clk 0:03:04]} 3. d4 {[%clk 0:03:01]} cxd4 {[%clk 0:03:05]} 4. Nxd4
{[%clk 0:03:02]} Nf6 {[%clk 0:03:06]} 5. Nc3 {[%clk 0:03:02]} Nc6
{[%clk 0:03:07]} 6. Ndb5 {[%clk 0:02:55]} Bb4 {[%clk 0:03:06]} 7. a3
{[%clk 0:02:54]} Bxc3+ {[%clk 0:03:06]} 8. Nxc3 {[%clk 0:02:54]} d5
{[%clk 0:03:07]} 9. exd5 {[%clk 0:02:52]} exd5 {[%clk 0:03:08]} 10. Bd3
{[%clk 0:02:52]} O-O {[%clk 0:03:03]} 11. O-O {[%clk 0:02:52]} d4
{[%clk 0:02:31]} 12. Ne2 {[%clk 0:02:46]} Bg4 {[%clk 0:02:32]} 13. Bg5
{[%clk 0:02:38]} h6 {[%clk 0:02:10]} 14. Bh4 {[%clk 0:02:37]} Bxe2
{[%clk 0:01:56]} 15. Bxe2 {[%clk 0:02:26]} Re8 {[%clk 0:01:38]} 16. Bf3
{[%clk 0:02:20]} Ne5 {[%clk 0:01:10]} 17. Re1 {[%clk 0:02:14]} Qb6
{[%clk 0:01:05]} 18. Bxf6 {[%clk 0:01:24]} Qxf6 {[%clk 0:00:53]} 19. Bd5
{[%clk 0:01:20]} Rad8 {[%clk 0:00:49]} 20. Bb3 {[%clk 0:01:21]} d3
{[%clk 0:00:40]} 21. cxd3 {[%clk 0:01:20]} Rxd3 {[%clk 0:00:32]} 22. Qc2
{[%clk 0:00:45]} Red8 {[%clk 0:00:33]} 23. Rad1 {[%clk 0:00:43]} Rxd1
{[%clk 0:00:32]} 24. Rxd1 {[%clk 0:00:44]} Rxd1+ {[%clk 0:00:33]} 25. Qxd1
{[%clk 0:00:45]} g6 {[%clk 0:00:29]} 26. Bd5 {[%clk 0:00:43]} b6 {[%clk 0:00:22]}
27. g3 {[%clk 0:00:43]} Kg7 {[%clk 0:00:23]} 28. Kg2 {[%clk 0:00:43]} g5
{[%clk 0:00:22]} 29. Be4 {[%clk 0:00:42]} Ng6 {[%clk 0:00:17]} 30. Qd2
{[%clk 0:00:38]} Qe5 {[%clk 0:00:15]} 31. Bf3 {[%clk 0:00:37]} Ne7
{[%clk 0:00:16]} 32. Qd7 {[%clk 0:00:37]} a5 {[%clk 0:00:14]} 33. Qb7
{[%clk 0:00:36]} Qd6 {[%clk 0:00:14]} 34. Be4 {[%clk 0:00:36]} Ng6
{[%clk 0:00:13]} 35. Qc8 {[%clk 0:00:31]} Qf6 {[%clk 0:00:12]} 36. Qc2
{[%clk 0:00:28]} Qd6 {[%clk 0:00:10]} 37. Kf3 {[%clk 0:00:23]} Ne7
{[%clk 0:00:11]} 38. Ke3 {[%clk 0:00:22]} Nd5+ {[%clk 0:00:09]} 39. Ke2
{[%clk 0:00:19]} Nf6 {[%clk 0:00:10]} 40. Bf3 {[%clk 0:00:16]} Qe6+
{[%clk 0:00:11]} 41. Kf1 {[%clk 0:00:16]} Qh3+ {[%clk 0:00:12]} 42. Kg1
{[%clk 0:00:17]} Qe6 {[%clk 0:00:14]} 43. Qc3 {[%clk 0:00:18]} Qd6
{[%clk 0:00:13]} 44. Kf1 {[%clk 0:00:18]} Qe6 {[%clk 0:00:15]} 45. Kg2
{[%clk 0:00:18]} Qd6 {[%clk 0:00:16]} 46. Qc6 {[%clk 0:00:16]} Qxc6
{[%clk 0:00:16]} 47. Bxc6 {[%clk 0:00:18]} Kf8 {[%clk 0:00:17]} 48. Kf3 Ke7 49.
Bb5 {[%clk 0:00:20]} Nh7 {[%clk 0:00:05]} 50. Ke4 {[%clk 0:00:20]} Kd6
{[%clk 0:00:05]} 51. Kf5 {[%clk 0:00:20]} Kc5 {[%clk 0:00:04]} 52. Be8
{[%clk 0:00:21]} Kd4 {[%clk 0:00:04]} 53. Bxf7 {[%clk 0:00:21]} Nf8
{[%clk 0:00:04]} 54. Kf6 {[%clk 0:00:20]} Kd3 {[%clk 0:00:03]} 55. Kg7
{[%clk 0:00:20]} Nd7 {[%clk 0:00:05]} 56. Kxh6 {[%clk 0:00:21]} Kc2
{[%clk 0:00:05]} 57. b3 {[%clk 0:00:21]} g4 {[%clk 0:00:04]} 58. Kg5
{[%clk 0:00:21]} b5 {[%clk 0:00:05]} 59. Bg8 {[%clk 0:00:16]} b4 {[%clk 0:00:05]}
60. axb4 axb4 61. Kf5 {[%clk 0:00:13]} Kc3 {[%clk 0:00:08]} 62. Bd5
{[%clk 0:00:13]} Kd4 {[%clk 0:00:07]} 63. Be6 {[%clk 0:00:13]} Nc5
{[%clk 0:00:08]} 64. Bg8 {[%clk 0:00:14]} Kc3 {[%clk 0:00:09]} 65. Kxg4 Nxb3
{[%clk 0:00:11]} 66. h4 {[%clk 0:00:15]} Nc5 {[%clk 0:00:10]} 67. h5
{[%clk 0:00:15]} Nd7 {[%clk 0:00:10]} 68. Kf5 {[%clk 0:00:16]} Nf8
{[%clk 0:00:05]} 69. h6 {[%clk 0:00:16]} 1-0

[Event "Russian Blitz Championship (m)"]
[Site "Sochi"]
[Date "2022.10.14"]
[Round "1.4"]
[White "Sjugirov, Sanan"]
[Black "Barsamian, Eduard"]
[Result "1-0"]
[BlackElo "2132"]
[WhiteElo "2609"]
[LiveChessVersion "1.4.8"]

1. e4 {[%clk 0:03:02]} c6 {[%clk 0:03:02]} 2. d4 {[%clk 0:03:02]} d5
{[%clk 0:03:03]} 3. e5 {[%clk 0:03:01]} Bf5 {[%clk 0:03:04]} 4. h4
{[%clk 0:03:01]} h5 {[%clk 0:03:05]} 5. Bd3 {[%clk 0:03:01]} Bxd3
{[%clk 0:03:02]} 6. Qxd3 {[%clk 0:03:02]} e6 {[%clk 0:02:58]} 7. Bg5
{[%clk 0:03:01]} Qa5+ {[%clk 0:02:58]} 8. Nd2 {[%clk 0:03:01]} Qa6
{[%clk 0:02:58]} 9. Qf3 {[%clk 0:02:44]} Ne7 {[%clk 0:02:53]} 10. Ne2
{[%clk 0:02:42]} Nf5 {[%clk 0:02:36]} 11. O-O {[%clk 0:02:33]} c5
{[%clk 0:02:06]} 12. c4 {[%clk 0:01:34]} Nc6 {[%clk 0:02:07]} 13. cxd5
{[%clk 0:01:05]} Ncxd4 {[%clk 0:02:07]} 14. Nxd4 {[%clk 0:01:06]} Nxd4
{[%clk 0:02:08]} 15. Qe4 {[%clk 0:01:07]} exd5 {[%clk 0:01:44]} 16. Qxd5
{[%clk 0:01:08]} Qc6 {[%clk 0:01:18]} 17. Qc4 {[%clk 0:01:08]} Be7
{[%clk 0:00:52]} 18. Bxe7 {[%clk 0:01:08]} Kxe7 {[%clk 0:00:53]} 19. Rac1
{[%clk 0:01:05]} Rac8 {[%clk 0:00:44]} 20. Rfe1 {[%clk 0:01:03]} Rh6
{[%clk 0:00:31]} 21. Ne4 {[%clk 0:00:52]} Rg6 {[%clk 0:00:27]} 22. Ng5
{[%clk 0:00:53]} Ne6 {[%clk 0:00:28]} 23. f4 {[%clk 0:00:47]} b5 {[%clk 0:00:26]}
24. Qf1 {[%clk 0:00:47]} Rd8 {[%clk 0:00:05]} 25. f5 {[%clk 0:00:44]} Nxg5
{[%clk 0:00:06]} 26. fxg6 {[%clk 0:00:42]} 1-0

[Event "Russian Blitz Championship (m)"]
[Site "Sochi"]
[Date "2022.10.14"]
[Round "1.5"]
[White "Rezvy, Lev"]
[Black "Tsydypov, Zhamsaran"]
[Result "0-1"]
[BlackElo "2598"]
[WhiteElo "2130"]
[LiveChessVersion "1.4.8"]

1. d4 {[%clk 0:03:02]} Nf6 {[%clk 0:03:02]} 2. c4 {[%clk 0:03:03]} c5
{[%clk 0:03:03]} 3. d5 {[%clk 0:03:03]} b5 {[%clk 0:03:04]} 4. cxb5
{[%clk 0:03:03]} a6 {[%clk 0:03:04]} 5. bxa6 {[%clk 0:03:03]} e6 {[%clk 0:02:56]}
6. Nc3 {[%clk 0:03:03]} Bxa6 {[%clk 0:02:52]} 7. e4 {[%clk 0:03:00]} Bxf1
{[%clk 0:02:51]} 8. Kxf1 {[%clk 0:03:01]} d6 {[%clk 0:02:48]} 9. g3
{[%clk 0:02:53]} Be7 {[%clk 0:02:45]} 10. Nf3 {[%clk 0:02:45]} exd5
{[%clk 0:02:37]} 11. exd5 {[%clk 0:02:40]} O-O {[%clk 0:02:37]} 12. Kg2
{[%clk 0:02:37]} Na6 {[%clk 0:02:32]} 13. Bf4 {[%clk 0:01:51]} Qd7
{[%clk 0:02:30]} 14. Nd2 {[%clk 0:01:33]} h6 {[%clk 0:01:49]} 15. Nc4
{[%clk 0:01:23]} Rfb8 {[%clk 0:01:50]} 16. Re1 {[%clk 0:01:18]} Bf8
{[%clk 0:01:51]} 17. Qd2 {[%clk 0:01:17]} Nc7 {[%clk 0:01:48]} 18. b3
{[%clk 0:00:28]} Ra6 {[%clk 0:01:49]} 19. Rad1 {[%clk 0:00:20]} g5
{[%clk 0:01:27]} 20. Be3 {[%clk 0:00:18]} Bg7 {[%clk 0:01:26]} 21. Re2
{[%clk 0:00:10]} Nh7 {[%clk 0:01:01]} 22. Qd3 {[%clk 0:00:11]} Rba8
{[%clk 0:00:53]} 23. a4 {[%clk 0:00:11]} Rb8 {[%clk 0:00:54]} 24. Ne4
{[%clk 0:00:11]} Bf8 {[%clk 0:00:35]} 25. f4 {[%clk 0:00:10]} f5 {[%clk 0:00:35]}
26. Ned2 {[%clk 0:00:09]} g4 {[%clk 0:00:35]} 27. Bf2 {[%clk 0:00:07]} Bg7
{[%clk 0:00:33]} 28. Ne3 {[%clk 0:00:07]} Rf8 {[%clk 0:00:34]} 29. Nec4
{[%clk 0:00:05]} Nf6 {[%clk 0:00:34]} 30. Ne3 {[%clk 0:00:05]} Nh7
{[%clk 0:00:30]} 31. Ndc4 {[%clk 0:00:05]} h5 {[%clk 0:00:28]} 32. h3
{[%clk 0:00:06]} gxh3+ {[%clk 0:00:27]} 33. Kxh3 {[%clk 0:00:06]} Qf7
{[%clk 0:00:26]} 34. Ng2 {[%clk 0:00:06]} Nf6 {[%clk 0:00:16]} 35. Nh4
{[%clk 0:00:07]} Nfxd5 {[%clk 0:00:16]} 36. Rde1 {[%clk 0:00:05]} Qd7
{[%clk 0:00:15]} 37. Kh2 {[%clk 0:00:04]} Rf7 {[%clk 0:00:16]} 38. Ng6
{[%clk 0:00:04]} Kh7 {[%clk 0:00:16]} 39. Nh4 {[%clk 0:00:05]} Bf8
{[%clk 0:00:14]} 40. Qf3 {[%clk 0:00:06]} Nf6 {[%clk 0:00:15]} 41. Rd2
{[%clk 0:00:06]} Ng4+ {[%clk 0:00:11]} 42. Kg1 {[%clk 0:00:07]} Qc6
{[%clk 0:00:09]} 43. Qd3 {[%clk 0:00:07]} Nh6 {[%clk 0:00:08]} 44. Ne3
{[%clk 0:00:06]} Qd7 {[%clk 0:00:09]} 45. Nc4 {[%clk 0:00:06]} Rf6
{[%clk 0:00:08]} 46. Bxc5 {[%clk 0:00:07]} Qg7 {[%clk 0:00:09]} 47. Bf2
{[%clk 0:00:08]} d5 {[%clk 0:00:09]} 48. Ne5 {[%clk 0:00:08]} Bb4
{[%clk 0:00:10]} 49. Rc2 {[%clk 0:00:07]} Bxe1 {[%clk 0:00:11]} 50. Bxe1
{[%clk 0:00:09]} Rad6 {[%clk 0:00:09]} 51. Bf2 {[%clk 0:00:09]} Ne6 52. a5
{[%clk 0:00:10]} Nxf4 {[%clk 0:00:11]} 53. Qf3 {[%clk 0:00:10]} Nh3+
{[%clk 0:00:12]} 54. Kh2 {[%clk 0:00:10]} Ng4+ {[%clk 0:00:07]} 55. Nxg4
{[%clk 0:00:10]} hxg4 {[%clk 0:00:09]} 56. Qe3 {[%clk 0:00:10]} Rde6
{[%clk 0:00:08]} 57. Qa7 {[%clk 0:00:07]} Qxa7 {[%clk 0:00:06]} 58. Bxa7 f4 59.
gxf4 {[%clk 0:00:06]} Nxf4 {[%clk 0:00:09]} 60. Kg3 {[%clk 0:00:06]} Re4
{[%clk 0:00:11]} 61. Bb8 {[%clk 0:00:06]} Nh5+ {[%clk 0:00:10]} 62. Kg2 g3 63.
Nf3 {[%clk 0:00:07]} Re3 {[%clk 0:00:11]} 64. Ng1 {[%clk 0:00:03]} Rxb3
{[%clk 0:00:11]} 65. Be5 {[%clk 0:00:03]} Re6 {[%clk 0:00:12]} 66. Bc7 0-1

[Event "Russian Blitz Championship (m)"]
[Site "Sochi"]
[Date "2022.10.14"]
[Round "1.6"]
[White "Pridorozhni, Aleksei"]
[Black "Kazmin, Semen"]
[Result "1-0"]
[BlackElo "2130"]
[WhiteElo "2581"]
[LiveChessVersion "1.4.8"]

1. e4 {[%clk 0:03:02]} e6 {[%clk 0:03:03]} 2. d4 {[%clk 0:03:02]} d5
{[%clk 0:03:03]} 3. Nc3 {[%clk 0:03:01]} Bb4 {[%clk 0:03:03]} 4. exd5
{[%clk 0:03:01]} exd5 {[%clk 0:03:04]} 5. Bd3 {[%clk 0:03:02]} Nf6
{[%clk 0:03:00]} 6. a3 {[%clk 0:03:00]} Bxc3+ {[%clk 0:03:00]} 7. bxc3
{[%clk 0:03:00]} O-O {[%clk 0:02:54]} 8. Ne2 {[%clk 0:03:00]} c6 {[%clk 0:02:44]}
9. O-O {[%clk 0:02:55]} Nbd7 {[%clk 0:02:43]} 10. a4 {[%clk 0:02:45]} Re8
{[%clk 0:02:43]} 11. a5 {[%clk 0:02:43]} Nf8 {[%clk 0:02:28]} 12. Nf4
{[%clk 0:02:34]} Ng6 {[%clk 0:01:52]} 13. f3 {[%clk 0:02:23]} Qc7
{[%clk 0:01:48]} 14. Nxg6 {[%clk 0:02:21]} hxg6 {[%clk 0:01:49]} 15. Re1
{[%clk 0:02:09]} Bf5 {[%clk 0:01:48]} 16. Bxf5 {[%clk 0:01:37]} gxf5
{[%clk 0:01:48]} 17. Bg5 {[%clk 0:01:36]} Nh7 {[%clk 0:01:38]} 18. Bh4
{[%clk 0:01:29]} Nf8 {[%clk 0:01:37]} 19. a6 {[%clk 0:01:24]} Ng6
{[%clk 0:00:40]} 20. Bg3 {[%clk 0:01:23]} f4 {[%clk 0:00:38]} 21. Bf2
{[%clk 0:01:22]} b6 {[%clk 0:00:24]} 22. Qd3 {[%clk 0:01:21]} Qd7
{[%clk 0:00:21]} 23. c4 {[%clk 0:01:18]} Rad8 {[%clk 0:00:20]} 24. g4
{[%clk 0:00:43]} fxg3 {[%clk 0:00:20]} 25. hxg3 {[%clk 0:00:44]} Ne7
{[%clk 0:00:17]} 26. Kg2 {[%clk 0:00:41]} dxc4 {[%clk 0:00:16]} 27. Qxc4
{[%clk 0:00:41]} Nf5 {[%clk 0:00:17]} 28. c3 {[%clk 0:00:37]} Nd6
{[%clk 0:00:18]} 29. Qd3 {[%clk 0:00:37]} Nf5 {[%clk 0:00:16]} 30. Re4
{[%clk 0:00:31]} Rxe4 {[%clk 0:00:14]} 31. fxe4 {[%clk 0:00:31]} Nd6
{[%clk 0:00:14]} 32. Rh1 {[%clk 0:00:26]} Re8 {[%clk 0:00:09]} 33. e5
{[%clk 0:00:23]} Nf5 {[%clk 0:00:10]} 34. Qf3 {[%clk 0:00:21]} Qd5
{[%clk 0:00:08]} 35. g4 {[%clk 0:00:16]} Ne7 {[%clk 0:00:08]} 36. Kg3
{[%clk 0:00:15]} Qxf3+ 37. Kxf3 {[%clk 0:00:16]} b5 {[%clk 0:00:09]} 38. c4
{[%clk 0:00:13]} Rb8 {[%clk 0:00:07]} 39. Rb1 {[%clk 0:00:12]} Kf8
{[%clk 0:00:07]} 40. d5 {[%clk 0:00:11]} cxd5 {[%clk 0:00:08]} 41. cxb5
{[%clk 0:00:12]} Ra8 {[%clk 0:00:08]} 42. Rc1 {[%clk 0:00:13]} Ke8
{[%clk 0:00:07]} 43. Rc7 {[%clk 0:00:14]} Nc8 {[%clk 0:00:08]} 44. Bc5
{[%clk 0:00:14]} Rb8 {[%clk 0:00:06]} 45. Rb7 {[%clk 0:00:14]} Ra8
{[%clk 0:00:07]} 46. Ke3 {[%clk 0:00:15]} f6 {[%clk 0:00:04]} 47. e6
{[%clk 0:00:15]} g6 {[%clk 0:00:05]} 48. Rg7 {[%clk 0:00:13]} 1-0

[Event "Russian Blitz Championship (m)"]
[Site "Sochi"]
[Date "2022.10.14"]
[Round "1.7"]
[White "Indzhiev, Aldar"]
[Black "Alekseev, Evgeny"]
[Result "1/2-1/2"]
[BlackElo "2579"]
[WhiteElo "2124"]
[LiveChessVersion "1.4.8"]

1. d4 {[%clk 0:03:02]} Nf6 2. c4 e6 {[%clk 0:03:03]} 3. Nc3 {[%clk 0:03:05]} d5
{[%clk 0:03:04]} 4. cxd5 {[%clk 0:03:06]} exd5 {[%clk 0:03:04]} 5. Bg5
{[%clk 0:03:07]} c6 {[%clk 0:03:05]} 6. e3 {[%clk 0:03:08]} Nbd7 {[%clk 0:03:05]}
7. Bd3 {[%clk 0:03:09]} Bd6 {[%clk 0:03:03]} 8. Qc2 {[%clk 0:03:10]} Nf8
{[%clk 0:03:03]} 9. O-O-O {[%clk 0:03:09]} Ng6 {[%clk 0:03:03]} 10. Kb1
{[%clk 0:03:10]} h6 {[%clk 0:02:51]} 11. Bxf6 {[%clk 0:03:10]} Qxf6
{[%clk 0:02:51]} 12. f4 {[%clk 0:03:12]} Ne7 {[%clk 0:02:33]} 13. e4
{[%clk 0:03:13]} Qxf4 {[%clk 0:02:21]} 14. Rf1 {[%clk 0:03:12]} Qg4
{[%clk 0:02:09]} 15. h3 {[%clk 0:03:06]} Qd7 {[%clk 0:01:53]} 16. e5
{[%clk 0:02:27]} Bb4 {[%clk 0:01:34]} 17. g4 {[%clk 0:02:16]} Bxc3
{[%clk 0:01:18]} 18. Qxc3 {[%clk 0:02:14]} Qc7 {[%clk 0:00:52]} 19. Ne2
{[%clk 0:02:03]} g5 {[%clk 0:00:47]} 20. Ng3 {[%clk 0:02:01]} Be6
{[%clk 0:00:46]} 21. Nh5 {[%clk 0:01:32]} O-O-O {[%clk 0:00:44]} 22. Rf6
{[%clk 0:01:22]} Kb8 {[%clk 0:00:43]} 23. Rc1 {[%clk 0:01:21]} Qd7
{[%clk 0:00:37]} 24. a3 {[%clk 0:01:13]} Rc8 {[%clk 0:00:35]} 25. b4
{[%clk 0:01:10]} Ng8 {[%clk 0:00:31]} 26. Rf2 {[%clk 0:01:11]} Ne7
{[%clk 0:00:32]} 27. Rf6 {[%clk 0:01:12]} Ng8 {[%clk 0:00:27]} 28. Rf2
{[%clk 0:01:13]} Ne7 29. Rf6 1/2-1/2

[Event "Russian Blitz Championship (m)"]
[Site "Sochi"]
[Date "2022.10.14"]
[Round "1.8"]
[White "Timofeev, Artyom"]
[Black "Safarian, Armen"]
[Result "1-0"]
[BlackElo "2123"]
[WhiteElo "2579"]
[LiveChessVersion "1.4.8"]

1. c4 {[%clk 0:03:02]} Nf6 {[%clk 0:03:02]} 2. Nc3 {[%clk 0:03:02]} c5
{[%clk 0:03:01]} 3. Nf3 {[%clk 0:03:02]} Nc6 {[%clk 0:03:01]} 4. g3
{[%clk 0:03:00]} b6 {[%clk 0:03:00]} 5. Bg2 {[%clk 0:03:00]} Bb7 {[%clk 0:03:01]}
6. O-O {[%clk 0:02:59]} e6 {[%clk 0:02:59]} 7. e4 {[%clk 0:02:57]} d6
{[%clk 0:02:57]} 8. d4 {[%clk 0:02:54]} cxd4 {[%clk 0:02:51]} 9. Nxd4
{[%clk 0:02:54]} Nxd4 {[%clk 0:02:30]} 10. Qxd4 {[%clk 0:02:55]} Qc8
{[%clk 0:02:24]} 11. Nb5 {[%clk 0:02:45]} Qc6 {[%clk 0:02:15]} 12. Re1
{[%clk 0:02:42]} a6 {[%clk 0:02:10]} 13. Nc3 {[%clk 0:02:42]} Rc8
{[%clk 0:02:06]} 14. Be3 {[%clk 0:02:39]} Qxc4 {[%clk 0:01:40]} 15. Qxb6
{[%clk 0:02:38]} Qc6 {[%clk 0:01:32]} 16. Qxc6+ {[%clk 0:02:26]} Bxc6
{[%clk 0:01:32]} 17. Rad1 {[%clk 0:02:26]} Be7 {[%clk 0:01:31]} 18. Bf4
{[%clk 0:02:22]} Rd8 {[%clk 0:01:19]} 19. e5 {[%clk 0:02:16]} Nd5
{[%clk 0:00:49]} 20. Nxd5 {[%clk 0:02:12]} dxe5 {[%clk 0:00:50]} 21. Nc7+
{[%clk 0:02:00]} 1-0

[Event "Russian Blitz Championship (m)"]
[Site "Sochi"]
[Date "2022.10.14"]
[Round "1.9"]
[White "Efremov, Vladislav"]
[Black "Dobrov, Vladimir"]
[Result "0-1"]
[BlackElo "2575"]
[WhiteElo "2118"]
[LiveChessVersion "1.4.8"]

1. c4 {[%clk 0:03:03]} e5 {[%clk 0:03:03]} 2. g3 {[%clk 0:03:03]} f5
{[%clk 0:02:57]} 3. Bg2 {[%clk 0:02:57]} Nf6 {[%clk 0:02:58]} 4. Nc3
{[%clk 0:02:49]} c6 {[%clk 0:02:54]} 5. d4 {[%clk 0:02:18]} d6 {[%clk 0:02:40]}
6. dxe5 {[%clk 0:01:46]} dxe5 {[%clk 0:02:41]} 7. Qxd8+ {[%clk 0:01:47]} Kxd8
{[%clk 0:02:42]} 8. e4 {[%clk 0:01:36]} Na6 {[%clk 0:02:38]} 9. Bg5
{[%clk 0:00:34]} Nc5 {[%clk 0:02:33]} 10. O-O-O+ {[%clk 0:00:34]} Kc7
{[%clk 0:02:33]} 11. f3 {[%clk 0:00:35]} fxe4 {[%clk 0:02:20]} 12. fxe4
{[%clk 0:00:32]} Ne6 {[%clk 0:02:17]} 13. Bxf6 {[%clk 0:00:19]} gxf6
{[%clk 0:02:18]} 14. Nf3 {[%clk 0:00:17]} Bc5 {[%clk 0:01:56]} 15. Rhf1
{[%clk 0:00:14]} Rf8 {[%clk 0:01:47]} 16. Nh4 {[%clk 0:00:15]} Nd4
{[%clk 0:01:44]} 17. Nf3 {[%clk 0:00:12]} Bg4 {[%clk 0:01:37]} 18. Rd3
{[%clk 0:00:11]} Rad8 {[%clk 0:01:35]} 19. Nxd4 {[%clk 0:00:08]} Bxd4
{[%clk 0:01:30]} 20. Bf3 {[%clk 0:00:07]} Be6 {[%clk 0:01:24]} 21. b3
{[%clk 0:00:06]} a6 {[%clk 0:01:25]} 22. Rfd1 {[%clk 0:00:07]} b5
{[%clk 0:01:24]} 23. cxb5 {[%clk 0:00:07]} axb5 {[%clk 0:01:25]} 24. Ne2
{[%clk 0:00:08]} c5 {[%clk 0:01:26]} 25. Nxd4 {[%clk 0:00:09]} exd4
{[%clk 0:01:26]} 26. R3d2 {[%clk 0:00:06]} Kb6 {[%clk 0:01:03]} 27. b4
{[%clk 0:00:07]} Ra8 {[%clk 0:00:30]} 28. bxc5+ {[%clk 0:00:08]} Kxc5
{[%clk 0:00:32]} 29. Rc2+ {[%clk 0:00:09]} Bc4 {[%clk 0:00:33]} 30. Kb1
{[%clk 0:00:06]} Ra3 {[%clk 0:00:29]} 31. Be2 {[%clk 0:00:07]} Rfa8
{[%clk 0:00:26]} 32. Rdc1 {[%clk 0:00:08]} d3 {[%clk 0:00:27]} 0-1

[Event "Russian Blitz Championship (m)"]
[Site "Sochi"]
[Date "2022.10.14"]
[Round "1.10"]
[White "Grachev, Boris"]
[Black "Magomedov, Rashid"]
[Result "1-0"]
[BlackElo "2114"]
[WhiteElo "2565"]
[LiveChessVersion "1.4.8"]

1. d4 {[%clk 0:03:03]} g6 {[%clk 0:03:03]} 2. Nf3 {[%clk 0:03:03]} Bg7
{[%clk 0:03:05]} 3. Bf4 {[%clk 0:03:01]} d6 {[%clk 0:03:06]} 4. e3
{[%clk 0:03:01]} Nf6 {[%clk 0:03:05]} 5. h3 {[%clk 0:02:59]} O-O {[%clk 0:03:05]}
6. Be2 {[%clk 0:02:57]} Nbd7 {[%clk 0:03:06]} 7. O-O Qe8 8. Bh2 {[%clk 0:02:57]}
e5 {[%clk 0:03:05]} 9. c4 {[%clk 0:02:57]} Qe7 {[%clk 0:02:44]} 10. Nc3
{[%clk 0:02:57]} Re8 {[%clk 0:02:41]} 11. Nb5 {[%clk 0:02:31]} e4
{[%clk 0:02:21]} 12. Nd2 {[%clk 0:02:31]} Nf8 {[%clk 0:02:21]} 13. c5
{[%clk 0:02:29]} Rd8 {[%clk 0:01:35]} 14. cxd6 {[%clk 0:02:27]} cxd6
{[%clk 0:01:36]} 15. Rc1 {[%clk 0:02:25]} Ne8 {[%clk 0:01:38]} 16. Qc2
{[%clk 0:02:17]} a6 {[%clk 0:01:08]} 17. Nc7 {[%clk 0:02:11]} Nxc7
{[%clk 0:01:03]} 18. Qxc7 {[%clk 0:02:12]} Rd7 {[%clk 0:00:23]} 19. Qc2
{[%clk 0:02:12]} d5 {[%clk 0:00:19]} 20. Qa4 {[%clk 0:01:54]} Qg5
{[%clk 0:00:13]} 21. Bf4 {[%clk 0:01:45]} Qf6 {[%clk 0:00:10]} 22. Bg3
{[%clk 0:01:37]} h5 {[%clk 0:00:11]} 23. Rc5 {[%clk 0:01:31]} h4 {[%clk 0:00:10]}
24. Be5 {[%clk 0:01:32]} Qb6 {[%clk 0:00:06]} 25. Rfc1 {[%clk 0:01:20]} Rd8
{[%clk 0:00:07]} 26. Bc7 {[%clk 0:01:20]} Qf6 {[%clk 0:00:06]} 27. Bxd8
{[%clk 0:01:00]} Qxd8 {[%clk 0:00:07]} 28. Qb3 {[%clk 0:01:01]} Be6
{[%clk 0:00:08]} 29. Qxb7 {[%clk 0:00:50]} Nd7 {[%clk 0:00:09]} 30. Rc8
{[%clk 0:00:50]} 1-0

[Event "Russian Blitz Championship (m)"]
[Site "Sochi"]
[Date "2022.10.14"]
[Round "1.11"]
[White "Ponomarev, Vsevolod"]
[Black "Afanasiev, Nikita"]
[Result "0-1"]
[BlackElo "2541"]
[WhiteElo "2114"]
[LiveChessVersion "1.4.8"]

1. e4 {[%clk 0:03:03]} g6 {[%clk 0:03:03]} 2. d4 {[%clk 0:03:04]} Bg7
{[%clk 0:03:04]} 3. Nf3 {[%clk 0:03:03]} d6 {[%clk 0:03:04]} 4. Bd3
{[%clk 0:03:03]} Nc6 {[%clk 0:03:03]} 5. c3 {[%clk 0:03:00]} Nf6 {[%clk 0:03:03]}
6. O-O {[%clk 0:02:56]} O-O {[%clk 0:03:03]} 7. h3 {[%clk 0:02:57]} Nd7
{[%clk 0:03:03]} 8. d5 {[%clk 0:02:39]} Nce5 {[%clk 0:03:04]} 9. Nxe5
{[%clk 0:02:40]} Nxe5 {[%clk 0:03:02]} 10. Bc2 {[%clk 0:02:31]} c6
{[%clk 0:03:03]} 11. f4 {[%clk 0:02:26]} Nc4 {[%clk 0:03:01]} 12. Kh1
{[%clk 0:01:57]} Qb6 {[%clk 0:02:58]} 13. Qe2 {[%clk 0:01:50]} cxd5
{[%clk 0:02:56]} 14. exd5 {[%clk 0:01:51]} Qc7 {[%clk 0:02:56]} 15. Nd2
{[%clk 0:01:26]} Nb6 {[%clk 0:02:54]} 16. Bb3 {[%clk 0:01:20]} a5
{[%clk 0:02:41]} 17. a4 {[%clk 0:01:19]} Re8 {[%clk 0:02:41]} 18. Nf3
{[%clk 0:01:18]} e6 {[%clk 0:02:39]} 19. dxe6 {[%clk 0:00:59]} Bxe6
{[%clk 0:02:39]} 20. Bxe6 {[%clk 0:01:00]} Rxe6 {[%clk 0:02:40]} 21. Qf2
{[%clk 0:01:00]} Re4 {[%clk 0:02:34]} 22. Ng5 {[%clk 0:00:47]} Rxa4
{[%clk 0:02:18]} 23. Rxa4 {[%clk 0:00:40]} Nxa4 {[%clk 0:02:19]} 24. Be3
{[%clk 0:00:36]} h6 {[%clk 0:02:16]} 25. Nf3 {[%clk 0:00:35]} Re8
{[%clk 0:02:11]} 26. f5 {[%clk 0:00:30]} Nxb2 {[%clk 0:02:10]} 27. f6
{[%clk 0:00:19]} Bxf6 {[%clk 0:02:03]} 28. Nd4 {[%clk 0:00:21]} Bg7
{[%clk 0:01:50]} 29. Qxb2 {[%clk 0:00:05]} Rxe3 {[%clk 0:01:50]} 30. Nb5
{[%clk 0:00:04]} Qe7 {[%clk 0:01:49]} 31. Qd2 {[%clk 0:00:03]} Re6
{[%clk 0:01:41]} 32. c4 {[%clk 0:00:05]} b6 {[%clk 0:01:39]} 33. Qd5
{[%clk 0:00:06]} Re1 {[%clk 0:01:36]} 34. Qa8+ {[%clk 0:00:04]} Kh7
{[%clk 0:01:37]} 35. Qf3 {[%clk 0:00:05]} Rxf1+ 36. Qxf1 {[%clk 0:00:06]} Be5
{[%clk 0:01:21]} 37. Qd1 {[%clk 0:00:05]} Qe6 {[%clk 0:01:15]} 38. Qf3
{[%clk 0:00:03]} Qxc4 {[%clk 0:01:14]} 0-1